| 000 | 00862nam a22002177a 4500 | ||
|---|---|---|---|
| 999 |
_c20389 _d20389 |
||
| 003 | AR-CdUCM | ||
| 008 | 190529b ||||| |||| 00| 0 spa d | ||
| 040 |
_aMUNICIPALIDAD PROVINCIAL DEL CUSCO _cBIBLIOTECA MUNICIPAL DEL CUSCO |
||
| 082 |
_a600 / _bT29 |
||
| 110 |
_aOrganización panamericana de la salud _924896 |
||
| 245 |
_aTecnología apropiada : _bProblemas y promesas / |
||
| 260 |
_aWashington : _bNicolas Jequier, _c1979. |
||
| 300 |
_a100 páginas ; _c26 cm. |
||
| 505 | _aContenido : Orígenes y significado de la tecnología apropiada -- El sistema de innovación en la tecnología apropiada -- La redes de información -- Las funciones de las universidades... | ||
| 650 |
_aTecnología _91571 |
||
| 650 |
_aInnovación _925275 |
||
| 650 |
_aIndustrias _94471 |
||
| 650 |
_aPolítica en la ciencia _942644 |
||
| 942 |
_2ddc _cLIBROS |
||
| 945 | _arcc | ||